A társadalmi felelőségvállalás szerepe a romaintegráció folyamatában Görgő község példája
Úloha spoločenskej zodpovednosti v integračnom procese Rómov na Slovensku. Príklad východoslovenskej obce Spišský Hrhov v Levočskom okrese.
Salvato in:
| Autore principale: | |
|---|---|
| Natura: | Capitolo di libro |
| Lingua: | ungherese |
| Soggetti: | |
| Tags: |
Nessun Tag, puoi essere il primo ad aggiungerne!!
|
MARC
| LEADER | 00000naa a2200000 4500 | ||
|---|---|---|---|
| 001 | 0206825 | ||
| 005 | 20240502073431.7 | ||
| 041 | 0 | |a hun | |
| 044 | |a SK | ||
| 245 | 1 | 0 | |a A társadalmi felelőségvállalás szerepe a romaintegráció folyamatában |b Görgő község példája |c Eva Pongrácz |
| 520 | |a Úloha spoločenskej zodpovednosti v integračnom procese Rómov na Slovensku. Príklad východoslovenskej obce Spišský Hrhov v Levočskom okrese. | ||
| 610 | 2 | 0 | |a zodpovednosť spoločenská |
| 610 | 2 | 0 | |a Rómovia |
| 610 | 2 | 0 | |a integrácia |
| 610 | 2 | 0 | |a podnik sociálny |
| 610 | 2 | 0 | |a zamestnanosť |
| 610 | 2 | 0 | |a Slovensko |
| 100 | 1 | |a Pongrácz, Eva, 1971- | |